Tamiḷnāṭṭup paḷaṅkataikaḷ. (Record no. 70416)

MARC details
000 -LEADER
fixed length control field 00564cam a22002171 4500
001 - CONTROL NUMBER
control field sa 66006255
003 - CONTROL NUMBER IDENTIFIER
control field DLC
005 - DATE AND TIME OF LATEST TRANSACTION
control field 20260227112255.0
008 - FIXED-LENGTH DATA ELEMENTS--GENERAL INFORMATION
fixed length control field 890601s1965 ii 000 1 tamo
010 ## - LIBRARY OF CONGRESS CONTROL NUMBER
LC control number sa 66006255
035 ## - SYSTEM CONTROL NUMBER
System control number (OCoLC)19795914
040 ## - CATALOGING SOURCE
Original cataloging agency DLC
Transcribing agency WaU
Modifying agency DLC
050 00 - LIBRARY OF CONGRESS CALL NUMBER
Classification number GR305.5.T3
Item number G6
100 1# - MAIN ENTRY--PERSONAL NAME
Personal name Kōvintan̲, Vai.,
Dates associated with a name 1912-1966.
245 10 - TITLE STATEMENT
Title Tamiḷnāṭṭup paḷaṅkataikaḷ.
260 ## - PUBLICATION, DISTRIBUTION, ETC.
Date of publication, distribution, etc. [1965]
300 ## - PHYSICAL DESCRIPTION
Extent iv, 83 p.
Dimensions 18 cm.
500 ## - GENERAL NOTE
General note In Tamil.
650 #0 - SUBJECT ADDED ENTRY--TOPICAL TERM
Topical term or geographic name entry element Tamil (Indic people)
General subdivision Folklore.
650 #0 - SUBJECT ADDED ENTRY--TOPICAL TERM
Topical term or geographic name entry element Tales
Geographic subdivision India.

No items available.

Powered by Koha